| 000 | 00904nam a2200229Ii 4500 | ||
|---|---|---|---|
| 003 | JO-AjNU | ||
| 008 | 230605s9999||||xx |||||||||||||| ||und|| | ||
| 017 | _a2011/8/3169 | ||
| 020 | _a978-9957-33-192-4 | ||
| 040 |
_aJO-AjNU _bara _erda _cJO-AjNU |
||
| 041 | _aara | ||
| 050 | 1 | 4 | _aKMM342.5.H28.2012 |
| 100 | 3 |
_aالحوري ، مثنى طه , _eauthor _951335 |
|
| 245 | 0 | 0 | _aالتشريعات والتنظيمات المهنية في صناعة الضيافة : التشريعات والمنظمات السياحية |
| 250 | _aط1 | ||
| 264 | 3 | 1 | _aعمان : مؤسسة الوراق ، 2011 |
| 300 |
_a447ص _bيشتمل على مراجع ومصادر ببلوغرافية ص ( 445 -447 ) |
||
| 336 |
_atext _btxt _2rdacontent |
||
| 337 |
_aunmediated _bn _2rdamedia |
||
| 338 |
_avolume _bnc _2rdacarrier |
||
| 650 | 4 |
_aالسياحة -- قوانين وتشريعات -- الأردن _951336 |
|
| 999 |
_aA22668 _c26236 _d26236 |
||